Sports Quiz

Random Sports or NBA Quiz

NBA All-Stars on Championship Teams (2010s) Quiz Stats

 Plays Quiz Updated Dec 18, 2020

     
Support Sporcle.
Go Orange.
Score 0/49 Timer 05:00
27 Plays Today
Team Player % Correct
Golden State Warriors (2018)Stephen Curry
99.3%
Golden State Warriors (2017)Stephen Curry
99.3%
Golden State Warriors (2015)Stephen Curry
99.3%
Cleveland Cavaliers (2016)LeBron James
99%
Miami Heat (2013)LeBron James
99%
Miami Heat (2012)LeBron James
99%
Toronto Raptors (2019)Kawhi Leonard
98.3%
Golden State Warriors (2018)Kevin Durant
98.2%
Golden State Warriors (2017)Kevin Durant
97.9%
Golden State Warriors (2018)Klay Thompson
97.9%
Golden State Warriors (2017)Klay Thompson
97.5%
Golden State Warriors (2015)Klay Thompson
97.5%
Golden State Warriors (2018)Draymond Green
96.8%
Miami Heat (2013)Dwyane Wade
96.7%
Miami Heat (2012)Dwyane Wade
96.7%
Golden State Warriors (2017)Draymond Green
96.2%
Golden State Warriors (2015)Draymond Green
96.2%
Los Angeles Lakers (2010)Kobe Bryant
95.5%
Toronto Raptors (2019)Kyle Lowry
95.1%
San Antonio Spurs (2014)Tim Duncan
95%
Toronto Raptors (2019)Marc Gasol
94.8%
Miami Heat (2013)Chris Bosh
94.7%
Miami Heat (2012)Chris Bosh
94.7%
San Antonio Spurs (2014)Tony Parker
93.4%
Cleveland Cavaliers (2016)Kyrie Irving
93.4%
Team Player % Correct
Dallas Mavericks (2011)Dirk Nowitzki
93.1%
Cleveland Cavaliers (2016)Kevin Love
92.4%
San Antonio Spurs (2014)Kawhi Leonard
86.9%
Los Angeles Lakers (2010)Pau Gasol
86.2%
San Antonio Spurs (2014)Manu Ginobili
84.3%
Golden State Warriors (2018)Andre Iguodala
82.9%
Golden State Warriors (2017)Andre Iguodala
80.3%
Golden State Warriors (2015)Andre Iguodala
80.3%
Toronto Raptors (2019)Pascal Siakam
80.1%
Dallas Mavericks (2011)Jason Kidd
78.8%
Miami Heat (2013)Ray Allen
74.2%
Golden State Warriors (2017)David West
51.9%
Dallas Mavericks (2011)Tyson Chandler
50.7%
Golden State Warriors (2018)David West
47.6%
Los Angeles Lakers (2010)Andrew Bynum
45.8%
Dallas Mavericks (2011)Shawn Marion
41.6%
Los Angeles Lakers (2010)Metta Sandiford-Artest
39.4%
Golden State Warriors (2015)David Lee
34.8%
Cleveland Cavaliers (2016)Mo Williams
32.8%
Miami Heat (2013)Juwan Howard
26.4%
Miami Heat (2012)Juwan Howard
26.4%
Dallas Mavericks (2011)Peja Stojakovic
17.1%
Miami Heat (2013)Rashard Lewis
16.5%
Dallas Mavericks (2011)Caron Butler
11.5%

From the Vault

Click the French-Speaking Countries

by mg10

Just because these countries speak French doesn't mean they dine on snails and garlic bread.
Remove Ads.
Support Sporcle.
Get the best of Sporcle when you Go Orange. This ad-free experience offers more features, more stats, and more fun while also helping to support Sporcle. Thank you for becoming a member.

Show Comments

Extras

Top Quizzes Today


Score Distribution

Your Account Isn't Verified!

In order to create a playlist on Sporcle, you need to verify the email address you used during registration. Go to your Sporcle Settings to finish the process.

Report this User

Report this user for behavior that violates our Community Guidelines.

Details: